[Event "Speed Chess (Women) Q2"]
[Site "Chess.com INT"]
[Date "2022.05.26"]
[Round "2"]
[White "Chang, Suzana"]
[Black "Morris Suzuki, Sophie"]
[Result "0-1"]
[WhiteElo "2034"]
[BlackElo "2067"]
[PlyCount "78"]
[EventDate "2022.05.26"]
[EventType "swiss (blitz)"]
[EventRounds "14"]
[EventCountry "USA"]
[SourceTitle "CBM 208 Extra"]
[Source "ChessBase"]
[SourceDate "2022.07.31"]
[SourceVersion "1"]
[SourceVersionDate "2022.07.31"]
[SourceQuality "1"]

1. c4 e5 2. Nc3 Nf6 3. g3 d5 4. cxd5 Nxd5 5. Bg2 Nb6 6. Nf3 Nc6 7. 0-0 Be6 8. d3 Be7 9. a3 0-0 10. b4 a5 11. b5 Nd4 12. Nxd4 exd4 13. Ne4 a4 14. Bb2 f5 15. Nd2 Bd5 16. Nf3 Bf6 17. Qc2 Bb3 18. Qc5 Nd7 19. Qb4 c5 20. bxc6 bxc6 21. Bxd4 c5 22. Bxf6 Qxf6 23. Qf4 h6 24. h4 Rfe8 25. Rfe1 Rac8 26. h5 c4 27. d4 c3 28. Rac1 Re4 29. Qd2 cxd2 30. Rxc8+ Kh7 31. Nxd2 Rxd4 32. Nxb3 axb3 33. Rb1 b2 34. Rc2 Ra4 35. Rcxb2 Rxa3 36. Bf3 Ne5 37. Bg2 Nc4 38. Rb6 Nxb6 39. e3 Ra1 0-1

[Event "Speed Chess (Women) Q2"]
[Site "Chess.com INT"]
[Date "2022.05.26"]
[Round "1"]
[White "Papp, Petra"]
[Black "Chang, Suzana"]
[Result "1-0"]
[WhiteElo "2336"]
[BlackElo "2034"]
[PlyCount "73"]
[EventDate "2022.05.26"]
[EventType "swiss (blitz)"]
[EventRounds "14"]
[EventCountry "USA"]
[SourceTitle "CBM 208 Extra"]
[Source "ChessBase"]
[SourceDate "2022.07.31"]
[SourceVersion "1"]
[SourceVersionDate "2022.07.31"]
[SourceQuality "1"]

1. e4 c5 2. Nf3 e6 3. d4 cxd4 4. Nxd4 Nc6 5. Nb5 d6 6. c4 Nf6 7. N1c3 a6 8. Na3 Be7 9. Be2 Qc7 10. 0-0 b6 11. Be3 Bb7 12. Rc1 Ne5 13. Qb3 Ned7 14. f3 0-0 15. Rfd1 Kh8 16. Qc2 Rac8 17. Qd2 Rg8 18. Kh1 Rgd8 19. Bf1 Ne5 20. Qf2 Ned7 21. Nc2 Rg8 22. Nd4 Ne5 23. Na4 Ned7 24. b4 g5 25. Nb3 g4 26. Nxb6 gxf3 27. gxf3 Ne5 28. Na5 Nxe4 29. Qe2 Ng5 30. Nxb7 Qxb7 31. Bg2 Ngxf3 32. Nxc8 Rxc8 33. Bd4 Nxd4 34. Bxb7 Nxe2 35. Bxc8 Nxc1 36. Rxc1 Nd3 37. Rb1 1-0

[Event "Speed Chess (Women) Q1"]
[Site "Chess.com INT"]
[Date "2022.05.25"]
[Round "13"]
[White "Chang, Suzana"]
[Black "Parkhurst Casas, Andrea Ju"]
[Result "1/2-1/2"]
[WhiteElo "2034"]
[BlackElo "1543"]
[PlyCount "149"]
[EventDate "2022.05.24"]
[EventType "swiss (blitz)"]
[EventRounds "14"]
[EventCountry "USA"]
[SourceTitle "CBM 208 Extra"]
[Source "ChessBase"]
[SourceDate "2022.07.31"]
[SourceVersion "1"]
[SourceVersionDate "2022.07.31"]
[SourceQuality "1"]

1. c4 Nf6 2. Nc3 g6 3. g3 Bg7 4. Bg2 c6 5. e4 0-0 6. Nge2 d6 7. 0-0 Nbd7 8. d3 a6 9. a4 Rb8 10. b4 Ne5 11. f4 Ned7 12. h3 e6 13. Kh2 Ne8 14. a5 f5 15. Rb1 Nc7 16. Be3 Re8 17. Na4 Qf6 18. Nb6 Nxb6 19. axb6 Na8 20. Qc2 e5 21. Bd2 Qe7 22. Rf2 Nxb6 23. Bc3 Be6 24. Qb2 Qc7 25. c5 Nd7 26. cxd6 Qxd6 27. fxe5 Bxe5 28. Nf4 Bxc3 29. Qxc3 Qe7 30. Re2 Qf7 31. Rbe1 Nf8 32. e5 Nd7 33. d4 Rbd8 34. Rc2 Nb6 35. Qc5 Nd5 36. Nd3 Qd7 37. Rf2 Qc7 38. h4 b6 39. Qc2 a5 40. bxa5 bxa5 41. Ra1 Nb4 42. Nxb4 axb4 43. Qc5 Qb7 44. Bxc6 Qc7 45. Bxe8 Qxc5 46. dxc5 Rxe8 47. c6 Bd5 48. c7 Kf7 49. Rc1 Rc8 50. Rc5 Be6 51. Rd2 b3 52. Rd6 Ke7 53. Rb6 Kd7 54. h5 Rxc7 55. Rxc7+ Kxc7 56. Rb4 gxh5 57. Kg2 Kc6 58. Kf3 Kc5 59. Rb8 Bd5+ 60. Kf4 Kc4 61. Kxf5 Kc3 62. e6 b2 63. e7 Bf7 64. Kf6 Bg6 65. Kg7 Kc2 66. Kf8 b1Q 67. Rxb1 Kxb1 68. e8Q Bxe8 69. Kxe8 Kc2 70. Kf7 Kd3 71. Kf6 Ke4 72. Kg5 Kf3 73. Kxh5 Kxg3 74. Kh6 Kf4 75. Kxh7 1/2-1/2

[Event "Speed Chess (Women) Q1"]
[Site "Chess.com INT"]
[Date "2022.05.25"]
[Round "7"]
[White "Chang, Suzana"]
[Black "Thomas, Anysia"]
[Result "0-1"]
[WhiteElo "2034"]
[BlackElo "2126"]
[PlyCount "58"]
[EventDate "2022.05.24"]
[EventType "swiss (blitz)"]
[EventRounds "14"]
[EventCountry "USA"]
[SourceTitle "CBM 208 Extra"]
[Source "ChessBase"]
[SourceDate "2022.07.31"]
[SourceVersion "1"]
[SourceVersionDate "2022.07.31"]
[SourceQuality "1"]

1. c4 g6 2. Nc3 Bg7 3. g3 c5 4. Bg2 Nc6 5. d3 e6 6. Bd2 Nge7 7. Rb1 d5 8. a3 0-0 9. b4 b6 10. Nf3 Bb7 11. 0-0 Rc8 12. cxd5 exd5 13. b5 Nd4 14. e3 Ne6 15. Ne2 Qd7 16. Qc2 Nf5 17. Rfc1 Rfe8 18. a4 d4 19. e4 Nd6 20. Qb3 c4 21. dxc4 Nxe4 22. Bb4 N6c5 23. Bxc5 Nxc5 24. Qd1 Rcd8 25. Nf4 Qf5 26. Bh3 Qe4 27. Bg2 Qe7 28. Nd3 Nxd3 29. Qxd3 Be4 0-1

[Event "Online Olym Div2 D"]
[Site "Chess.com INT"]
[Date "2021.09.04"]
[Round "8.1"]
[White "Chang, Suzana"]
[Black "Zahid, Wassima"]
[Result "1-0"]
[WhiteElo "2034"]
[BlackElo "1531"]
[PlyCount "65"]
[EventDate "2021.09.02"]
[EventType "team (rapid)"]
[EventRounds "9"]
[EventCountry "USA"]
[SourceTitle "CBM 204 Extra"]
[Source "ChessBase"]
[SourceDate "2021.11.30"]
[SourceVersion "1"]
[SourceVersionDate "2021.11.30"]
[SourceQuality "1"]
[WhiteTeam "Brazil"]
[BlackTeam "Morocco"]
[WhiteTeamCountry "BRA"]
[BlackTeamCountry "MAR"]

1. c4 Nf6 2. Nc3 g6 3. g3 Bg7 4. Bg2 0-0 5. d3 d6 6. Nf3 c5 7. 0-0 Nc6 8. a3 Bd7 9. Rb1 a6 10. b4 Rb8 11. bxc5 dxc5 12. Bf4 Re8 13. Bc7 Qxc7 14. Nd2 Nd4 15. e3 Nf5 16. Qc2 Bc6 17. Nf3 e5 18. e4 Nd4 19. Nxd4 cxd4 20. Nd5 Bxd5 21. exd5 Red8 22. a4 Nxd5 23. Qb3 Nc3 24. Rbe1 b5 25. axb5 axb5 26. cxb5 Rxb5 27. Qa3 Qa5 28. Qe7 Rb2 29. f4 Rdb8 30. fxe5 R2b7 31. Bxb7 Rxb7 32. Qxb7 Qa2 33. e6 1-0

[Event "Caxambu op"]
[Site "Caxambu"]
[Date "2020.03.08"]
[Round "5"]
[White "Brito, Luismar Jorge"]
[Black "Chang, Suzana"]
[Result "1/2-1/2"]
[WhiteElo "2214"]
[BlackElo "2054"]
[PlyCount "21"]
[EventDate "2020.03.06"]
[EventType "swiss"]
[EventRounds "6"]
[EventCountry "BRA"]
[SourceTitle "CBM 195 Extra"]
[Source "ChessBase"]
[SourceDate "2020.05.31"]
[SourceVersion "1"]
[SourceVersionDate "2020.05.31"]
[SourceQuality "1"]

1. e4 e5 2. Nf3 Nf6 3. Nxe5 d6 4. Nf3 Nxe4 5. d4 d5 6. Bd3 Bd6 7. 0-0 0-0 8. Nbd2 Nxd2 9. Bxd2 Nc6 10. c3 h6 11. h3 1/2-1/2

[Event "Caxambu op"]
[Site "Caxambu"]
[Date "2020.03.06"]
[Round "2"]
[White "Chang, Suzana"]
[Black "Lourenco dos Santos, Paulo Rogerio"]
[Result "1-0"]
[WhiteElo "2054"]
[BlackElo "1605"]
[PlyCount "65"]
[EventDate "2020.03.06"]
[EventType "swiss"]
[EventRounds "6"]
[EventCountry "BRA"]
[SourceTitle "CBM 195 Extra"]
[Source "ChessBase"]
[SourceDate "2020.05.31"]
[SourceVersion "1"]
[SourceVersionDate "2020.05.31"]
[SourceQuality "1"]

1. c4 e6 2. d4 f5 3. g3 c6 4. Bg2 d5 5. Nh3 Nf6 6. 0-0 Be7 7. Qc2 0-0 8. Nd2 Nbd7 9. Nf4 Nb8 10. Nf3 h6 11. Ne5 Bd7 12. b3 Bd6 13. Nfg6 Re8 14. Bf4 Ng4 15. Nxg4 Bxf4 16. gxf4 fxg4 17. Ne5 Qf6 18. e3 h5 19. h3 Qf5 20. Rac1 Re7 21. Qxf5 exf5 22. cxd5 gxh3 23. Bf3 g5 24. fxg5 Rg7 25. g6 Be8 26. Kh2 Nd7 27. Nxd7 Bxd7 28. dxc6 Bxc6 29. Bxc6 bxc6 30. Rxc6 Kf8 31. Kxh3 Re8 32. Rg1 Re4 33. Rf6+ 1-0

[Event "Sao Paulo Carnaval op"]
[Site "Sao Paulo"]
[Date "2020.02.24"]
[Round "6"]
[White "Chang, Suzana"]
[Black "Awoki, Daniel Teidi"]
[Result "1-0"]
[WhiteElo "2032"]
[BlackElo "2169"]
[PlyCount "101"]
[EventDate "2020.02.22"]
[EventType "swiss"]
[EventRounds "7"]
[EventCountry "BRA"]
[SourceTitle "CBM 195 Extra"]
[Source "ChessBase"]
[SourceDate "2020.05.31"]
[SourceVersion "1"]
[SourceVersionDate "2020.05.31"]
[SourceQuality "1"]

1. e4 c5 2. Nf3 Nc6 3. Bb5 g6 4. 0-0 Bg7 5. Bxc6 dxc6 6. h3 Nf6 7. d3 Nd7 8. c3 e5 9. Qc2 0-0 10. a3 h6 11. b4 Qe7 12. Nbd2 Rd8 13. Nc4 b6 14. a4 cxb4 15. cxb4 c5 16. b5 a6 17. Bb2 a5 18. Rad1 Rb8 19. Bc3 f6 20. Nh2 Nf8 21. f4 exf4 22. Rxf4 Ne6 23. Rf2 Nd4 24. Bxd4 Rxd4 25. Nf3 f5 26. e5 Rd5 27. Re2 f4 28. e6 Qf6 29. Rde1 Rd8 30. Nce5 Rb7 31. Nf7 Rf8 32. Nd6 Re7 33. Qc4 Kh7 34. d4 Rc7 35. Nxc8 Rcxc8 36. d5 Qe7 37. Re4 Rcd8 38. Rd1 Rd6 39. Ne5 Bxe5 40. Rxe5 f3 41. gxf3 Rxf3 42. Qg4 Rf8 43. Re2 Rf5 44. Qe4 Kg7 45. Rg2 Rg5 46. Rf1 Rxg2+ 47. Qxg2 Qh4 48. Rf7+ Kh8 49. Qb2+ Qd4+ 50. Qxd4+ cxd4 51. e7 1-0

[Event "Sao Paulo Carnaval op"]
[Site "Sao Paulo"]
[Date "2020.02.23"]
[Round "3"]
[White "Brito, Luismar Jorge"]
[Black "Chang, Suzana"]
[Result "0-1"]
[WhiteElo "2204"]
[BlackElo "2032"]
[PlyCount "60"]
[EventDate "2020.02.22"]
[EventType "swiss"]
[EventRounds "7"]
[EventCountry "BRA"]
[SourceTitle "CBM 195 Extra"]
[Source "ChessBase"]
[SourceDate "2020.05.31"]
[SourceVersion "1"]
[SourceVersionDate "2020.05.31"]
[SourceQuality "1"]

1. b3 e5 2. Bb2 Nc6 3. e3 Nf6 4. c4 g6 5. Nc3 Bg7 6. Be2 0-0 7. d3 d5 8. cxd5 Nxd5 9. Rc1 Ncb4 10. Qd2 Nxc3 11. Bxc3 Nd5 12. Bb2 Qd6 13. Nf3 c5 14. 0-0 b6 15. Rfd1 Bb7 16. a3 a5 17. Qc2 Rfc8 18. Qb1 h6 19. Bf1 f5 20. Nd2 Ba6 21. Qa1 Re8 22. Nf3 Bb7 23. d4 cxd4 24. exd4 e4 25. Ne5 Kh7 26. g3 f4 27. Re1 e3 28. fxe3 Nxe3 29. gxf4 Nxf1 30. Kxf1 Qd5 0-1

[Event "Florianopolis op 6th"]
[Site "Florianopolis"]
[Date "2020.01.26"]
[Round "10"]
[White "Rodrigues Nogueira, Carlos Manuel"]
[Black "Chang, Suzana"]
[Result "0-1"]
[WhiteElo "1971"]
[BlackElo "2010"]
[PlyCount "93"]
[EventDate "2020.01.20"]
[EventType "swiss"]
[EventRounds "10"]
[EventCountry "BRA"]
[SourceTitle "CBM 194 Extra"]
[Source "ChessBase"]
[SourceDate "2020.03.31"]
[SourceVersion "1"]
[SourceVersionDate "2020.03.31"]
[SourceQuality "1"]

1. c4 Nf6 2. Nc3 g6 3. Nf3 Bg7 4. g3 0-0 5. Bg2 d6 6. d4 Nc6 7. 0-0 a6 8. e4 Bg4 9. h3 Bxf3 10. Bxf3 e5 11. d5 Nd4 12. Bg2 c5 13. f4 Nh5 14. Kh2 exf4 15. Bxf4 Nxf4 16. Rxf4 Be5 17. Rf1 Qg5 18. Qg4 Qxg4 19. hxg4 Nc2 20. Rac1 Ne3 21. Rf3 Nxc4 22. b3 Nb6 23. Nd1 Nd7 24. Ne3 Bd4 25. Nc4 Ne5 26. Nxe5 Bxe5 27. Bf1 b5 28. Rb1 f6 29. Kg2 Kg7 30. Be2 Rfc8 31. Rc1 Rc7 32. a4 Rb7 33. a5 Rc7 34. Rc2 Kh6 35. Rf1 Kg5 36. Kh3 Re8 37. Bd3 Bd4 38. Rf3 Rec8 39. Rd2 Be5 40. Bf1 c4 41. b4 Re7 42. Re3 Rh8 43. Rf3 h5 44. gxh5 Rxh5+ 45. Kg2 Reh7 46. Kf2 Rh8 47. Ke3 0-1

[Event "Florianopolis op 6th"]
[Site "Florianopolis"]
[Date "2020.01.20"]
[Round "1"]
[White "Cordioli, Jairo Ribeiro"]
[Black "Chang, Suzana"]
[Result "0-1"]
[WhiteElo "1792"]
[BlackElo "2010"]
[PlyCount "58"]
[EventDate "2020.01.20"]
[EventType "swiss"]
[EventRounds "10"]
[EventCountry "BRA"]
[SourceTitle "CBM 194 Extra"]
[Source "ChessBase"]
[SourceDate "2020.03.31"]
[SourceVersion "1"]
[SourceVersionDate "2020.03.31"]
[SourceQuality "1"]

1. d4 Nf6 2. c4 g6 3. Nc3 Bg7 4. e4 d6 5. Be2 0-0 6. Nf3 Na6 7. 0-0 e5 8. d5 Nc5 9. Nd2 a5 10. b3 Ne8 11. Bb2 f5 12. a3 Nf6 13. f3 Bh6 14. b4 Be3+ 15. Kh1 axb4 16. axb4 Rxa1 17. Bxa1 Na6 18. Na2 Nh5 19. c5 Qh4 20. g3 Nxg3+ 21. Kg2 f4 22. Rf2 Qh3+ 23. Kg1 Bxf2+ 24. Kxf2 Qxh2+ 25. Ke1 Qg1+ 26. Nf1 Bh3 27. Qd3 Bxf1 28. Bxf1 Qe3+ 29. Be2 Ra8 0-1

[Event "Campo Grande op 5th"]
[Site "Campo Grande"]
[Date "2019.11.30"]
[Round "3"]
[White "Stiegemeier, Fernando"]
[Black "Chang, Suzana"]
[Result "1-0"]
[WhiteElo "1902"]
[BlackElo "2052"]
[PlyCount "51"]
[EventDate "2019.11.28"]
[EventType "swiss"]
[EventRounds "6"]
[EventCountry "BRA"]
[SourceTitle "CBM 193 Extra"]
[Source "ChessBase"]
[SourceDate "2020.01.31"]
[SourceVersion "1"]
[SourceVersionDate "2020.01.31"]
[SourceQuality "1"]

1. d4 Nf6 2. Nf3 e6 3. Bf4 b6 4. h3 Bb7 5. e3 Be7 6. Bd3 c5 7. c3 0-0 8. 0-0 d6 9. Nbd2 Re8 10. Re1 cxd4 11. exd4 Nbd7 12. Ne4 Nxe4 13. Bxe4 Bxe4 14. Rxe4 Nf6 15. Re1 Qc7 16. Rc1 b5 17. Qd3 Qa5 18. a3 Rac8 19. Ng5 h6 20. Ne4 Nxe4 21. Rxe4 a6 22. Qg3 Bg5 23. Bxg5 hxg5 24. Qxd6 Qd8 25. Qxa6 Qd5 26. Re5 1-0

[Event "Campo Grande op 5th"]
[Site "Campo Grande"]
[Date "2019.11.28"]
[Round "1"]
[White "Cunha, Hudson Nogueira"]
[Black "Chang, Suzana"]
[Result "0-1"]
[WhiteElo "1793"]
[BlackElo "2052"]
[PlyCount "64"]
[EventDate "2019.11.28"]
[EventType "swiss"]
[EventRounds "6"]
[EventCountry "BRA"]
[SourceTitle "CBM 193 Extra"]
[Source "ChessBase"]
[SourceDate "2020.01.31"]
[SourceVersion "1"]
[SourceVersionDate "2020.01.31"]
[SourceQuality "1"]

1. d4 Nf6 2. Nf3 g6 3. c4 Bg7 4. Nc3 0-0 5. Bg5 d6 6. e3 h6 7. Bh4 Na6 8. a3 c5 9. Bd3 Bg4 10. 0-0 Nd7 11. Be4 Rb8 12. h3 Bxf3 13. Bxf3 cxd4 14. exd4 Nc7 15. Nd5 g5 16. Bg3 Nxd5 17. Bxd5 Nb6 18. Be4 Nxc4 19. Bb1 b5 20. f4 f5 21. fxg5 Qb6 22. gxh6 Qxd4+ 23. Bf2 Qxd1 24. Rxd1 Bxb2 25. h7+ Kxh7 26. Ra2 Be5 27. Rd3 a5 28. g4 Kh6 29. gxf5 Rxf5 30. Be3+ Nxe3 31. Rxe3 Rg5+ 32. Rg2 Bd4 0-1

[Event "Lagoas op 4th"]
[Site "Lagoas"]
[Date "2019.09.29"]
[Round "5"]
[White "Chang, Suzana"]
[Black "Dos Santos, Matheus Garcett Sou"]
[Result "0-1"]
[WhiteElo "2055"]
[BlackElo "1888"]
[PlyCount "74"]
[EventDate "2019.09.27"]
[EventType "swiss"]
[EventRounds "5"]
[EventCountry "BRA"]
[SourceTitle "EXT 2020"]
[Source "ChessBase"]
[SourceDate "2019.10.17"]
[SourceVersion "1"]
[SourceVersionDate "2019.10.17"]
[SourceQuality "1"]

1. c4 g6 2. g3 Bg7 3. Bg2 d6 4. Nc3 c6 5. d4 Nf6 6. Nf3 0-0 7. 0-0 Nbd7 8. e4 e5 9. d5 Nc5 10. Ne1 cxd5 11. cxd5 Qb6 12. Nd3 Bd7 13. Nxc5 Qxc5 14. Qb3 a5 15. Be3 Qb4 16. h3 Rfc8 17. Rfc1 h6 18. Kh2 Kh7 19. Bf3 h5 20. Qc2 a4 21. a3 Qa5 22. Qd3 Bh6 23. Bxh6 Kxh6 24. Qe3+ Kg7 25. Be2 b5 26. Na2 Rc5 27. Nb4 Rac8 28. Bd3 h4 29. Kg2 hxg3 30. fxg3 Bxh3+ 31. Kxh3 Rh8+ 32. Kg2 Ng4 33. Qg1 Qd8 34. Rxc5 dxc5 35. Nc2 Qg5 36. Qe1 Rh2+ 37. Kf3 Rf2+ 0-1

[Event "Lagoas op 4th"]
[Site "Lagoas"]
[Date "2019.09.27"]
[Round "1"]
[White "Chang, Suzana"]
[Black "Souza da Silva, Ronivan"]
[Result "1-0"]
[WhiteElo "2055"]
[BlackElo "1469"]
[PlyCount "63"]
[EventDate "2019.09.27"]
[EventType "swiss"]
[EventRounds "5"]
[EventCountry "BRA"]
[SourceTitle "EXT 2020"]
[Source "ChessBase"]
[SourceDate "2019.10.17"]
[SourceVersion "1"]
[SourceVersionDate "2019.10.17"]
[SourceQuality "1"]

1. c4 g6 2. d4 c5 3. d5 b5 4. e4 bxc4 5. Bxc4 d6 6. Nf3 Bg7 7. 0-0 Nf6 8. e5 dxe5 9. Nxe5 0-0 10. Re1 Nfd7 11. Nxf7 Rxf7 12. d6 Nb6 13. dxe7 Qe8 14. Bxf7+ Kxf7 15. a4 Be6 16. Qf3+ Bf6 17. a5 Nd5 18. Nc3 Nc7 19. Ne4 Qxe7 20. Ng5+ Kg7 21. Nxe6+ Nxe6 22. Qxa8 Na6 23. Qc6 Nac7 24. Bf4 Qf7 25. Bxc7 Nxc7 26. Qxc5 Ne6 27. Rxe6 Qxe6 28. Qxa7+ Kh6 29. Qe3+ Qxe3 30. fxe3 Bxb2 31. Rb1 Be5 32. a6 1-0

[Event "Niteroi op 1st"]
[Site "Niteroi"]
[Date "2019.09.05"]
[Round "2"]
[White "Di Berardino, Diego Rafael"]
[Black "Chang, Suzana"]
[Result "1-0"]
[WhiteElo "2487"]
[BlackElo "2055"]
[PlyCount "81"]
[EventDate "2019.09.04"]
[EventType "swiss"]
[EventRounds "7"]
[EventCountry "BRA"]
[SourceTitle "EXT 2020"]
[Source "ChessBase"]
[SourceDate "2019.10.17"]
[SourceVersion "1"]
[SourceVersionDate "2019.10.17"]
[SourceQuality "1"]

1. e4 e5 2. Nf3 Nc6 3. Bb5 a6 4. Ba4 Nf6 5. 0-0 Be7 6. d3 b5 7. Bb3 d6 8. a3 Na5 9. Ba2 c5 10. Nc3 h6 11. b4 Nc6 12. Nd5 cxb4 13. axb4 Nxd5 14. Bxd5 Bb7 15. Be3 0-0 16. Qd2 Kh7 17. c4 Qd7 18. Rfc1 Bf6 19. c5 dxc5 20. Rxc5 Rac8 21. Rac1 Rfd8 22. h3 Kg8 23. Qe2 Rc7 24. Nh2 Be7 25. R5c2 Rcc8 26. Ng4 Bd6 27. Bc5 h5 28. Bxc6 Rxc6 29. Nxe5 Bxe5 30. Qe3 Qxd3 31. Qg5 Rg6 32. Qxh5 Rc8 33. Qf5 Rf6 34. Qxe5 Rg6 35. Qf4 a5 36. Rd2 Qa3 37. Rcd1 Rf6 38. Rd8+ Rxd8 39. Rxd8+ Kh7 40. Qb8 Bc6 41. Rh8+ 1-0

[Event "Fortaleza Gadelha Memorial"]
[Site "Fortaleza"]
[Date "2019.08.16"]
[Round "3"]
[White "Pereira, Silvio Cunha"]
[Black "Chang, Suzana"]
[Result "1-0"]
[WhiteElo "2214"]
[BlackElo "2052"]
[PlyCount "65"]
[EventDate "2019.08.15"]
[EventType "swiss"]
[EventRounds "7"]
[EventCountry "BRA"]
[SourceTitle "CBM 191 Extra"]
[Source "ChessBase"]
[SourceDate "2019.09.30"]
[SourceVersion "1"]
[SourceVersionDate "2019.09.30"]
[SourceQuality "1"]

1. e4 e5 2. Nf3 Nc6 3. Bb5 a6 4. Ba4 Nf6 5. 0-0 Be7 6. Qe2 b5 7. Bb3 0-0 8. c3 d5 9. d3 Bb7 10. Rd1 h6 11. Nbd2 Re8 12. Nf1 Bf8 13. a4 Na5 14. Bc2 c5 15. Ne3 d4 16. Nf5 Kh7 17. axb5 axb5 18. g4 g6 19. Ng3 Nxg4 20. Ng5+ hxg5 21. Qxg4 Be7 22. b4 cxb4 23. cxb4 Qc8 24. Qe2 Nc6 25. Rxa8 Bxa8 26. Bb3 Rf8 27. Nf5 gxf5 28. Qh5+ Kg7 29. Bxg5 Bxg5 30. Qxg5+ Kh7 31. Kh1 Ne7 32. Qh4+ Kg7 33. Qxe7 1-0

[Event "Teresina op 7th"]
[Site "Teresina"]
[Date "2019.08.02"]
[Round "2"]
[White "Franco, Paulo Arthur Garcia"]
[Black "Chang, Suzana"]
[Result "0-1"]
[WhiteElo "1854"]
[BlackElo "2052"]
[PlyCount "92"]
[EventDate "2019.08.02"]
[EventType "swiss"]
[EventRounds "6"]
[EventCountry "BRA"]
[SourceTitle "EXT 2020"]
[Source "ChessBase"]
[SourceDate "2019.10.17"]
[SourceVersion "1"]
[SourceVersionDate "2019.10.17"]
[SourceQuality "1"]

1. d4 Nf6 2. Nf3 g6 3. g3 Bg7 4. Bg2 0-0 5. 0-0 d6 6. c4 Nc6 7. Nc3 a6 8. b3 Rb8 9. Bb2 b5 10. cxb5 axb5 11. Re1 b4 12. Nb1 d5 13. Nbd2 Rb6 14. Ne5 Nxe5 15. dxe5 Ng4 16. Nf3 c5 17. h3 Nh6 18. e4 d4 19. Bc1 f6 20. exf6 exf6 21. Bb2 Qe7 22. Nd2 Be6 23. Qe2 Nf7 24. f4 Bc8 25. Nc4 Ra6 26. Qd3 g5 27. Bc1 Qa7 28. Re2 Bd7 29. Qc2 Bb5 30. Re1 Rd8 31. Rd1 Qd7 32. Kh2 h6 33. Bf1 Rda8 34. Rd2 Re8 35. Rf2 Rc6 36. Bd3 Qb7 37. Re2 Re7 38. f5 Qa6 39. Bb2 Nd6 40. Bc1 Bxc4 41. Bxc4+ Nxc4 42. bxc4 Qa3 43. Qb1 b3 44. Re3 Re5 45. Qxb3 Rc7 46. Kg1 Qa8 0-1

[Event "Natal Potiguar op 11th"]
[Site "Natal"]
[Date "2019.06.09"]
[Round "6"]
[White "Chang, Suzana"]
[Black "Urquiza, Marcello de Albuque"]
[Result "1-0"]
[WhiteElo "2043"]
[BlackElo "2049"]
[PlyCount "89"]
[EventDate "2019.06.07"]
[EventType "swiss"]
[EventRounds "6"]
[EventCountry "BRA"]
[SourceTitle "EXT 2020"]
[Source "ChessBase"]
[SourceDate "2019.10.17"]
[SourceVersion "1"]
[SourceVersionDate "2019.10.17"]
[SourceQuality "1"]

1. e4 c5 2. Nf3 e6 3. d4 cxd4 4. Nxd4 a6 5. Bd3 Nf6 6. 0-0 Qc7 7. Qe2 d6 8. Nc3 Nc6 9. Nxc6 bxc6 10. Na4 Be7 11. c4 c5 12. f4 Nd7 13. b3 Bf6 14. Bb2 Bb7 15. Bxf6 gxf6 16. Qh5 Ke7 17. Rac1 Rag8 18. Rf2 Qc6 19. Nc3 Rg7 20. Qh4 Rhg8 21. Nd5+ Kd8 22. Nxf6 Nxf6 23. Qxf6+ Kc7 24. Bf1 Qd7 25. a3 Rg4 26. b4 R8g6 27. Qc3 Qc6 28. b5 Qb6 29. a4 a5 30. Qh8 Rg7 31. Qf8 Kd7 32. f5 Qd8 33. fxe6+ fxe6 34. Rf7+ Rxf7 35. Qxf7+ Qe7 36. Qf3 Qh4 37. Qf7+ Qe7 38. Qf2 Rxe4 39. Rd1 Qg7 40. Qxc5 Qe5 41. Qb6 Kc8 42. Rxd6 Qf6 43. Rc6+ Kb8 44. Qc7+ Ka8 45. Qxa5+ 1-0